[Event "Linares Anibal op 08th"]
[Site "Linares"]
[Date "2001.01.10"]
[Round "3"]
[White "Psakhis, Lev"]
[Black "Pelletier, Yannick"]
[Result "1/2-1/2"]
[WhiteElo "2595"]
[BlackElo "2548"]
[Annotator "Pelletier,Y"]
[PlyCount "41"]
[EventDate "2001.01.08"]
[EventType "swiss"]
[EventRounds "11"]
[EventCountry "ESP"]
[SourceTitle "CBM 082"]
[Source "ChessBase"]
[SourceDate "2001.05.17"]
[SourceVersion "1"]
[SourceVersionDate "2001.05.17"]
[SourceQuality "1"]

1. Nf3 Nf6 2. c4 c5 3. Nc3 e6 4. e3 Nc6 5. d4 d5 6. cxd5 exd5 7. Be2 a6 8. O-O
Bd6 9. dxc5 Bxc5 10. b3 O-O 11. Bb2 Qd6 12. Rc1 Bg4 (12... Ba7 {könnte genauer
sein.}) 13. Qc2 (13. Nb1 $5 Ne4 14. Nbd2 (14. Nfd2)) (13. Nd4 Bxd4 14. Bxg4 Be5
$11) 13... Ba7 ({Der typische Zentraldurchbruch ist hier verfehlt:} 13... d4 $2
14. Nb1 $5 (14. Rfd1) 14... b6 $8 15. exd4 Nxd4 16. Nxd4 Bxd4 17. Ba3 Bc5 18.
Bxc5 bxc5 19. f3 $16) 14. Rfd1 Rfe8 $1 {[%csl Re3] Ich hatte schon
vorausgesehen, was mein Gegner plante. Die Qc2, der Bb2 und die relative
Schwäche von d5 geben gerechtfertigte Angriffsmotive mit Ng5. Es war aber klar,
dass ein Turm ziehen musste, aber welcher wohin? Der Textzug gibt
Gegenschlagmöglichkeiten auf der e-Linie (Pe3), sowie in einigen Fällen ein
Fluchtfeld für den König.} (14... Rad8 $6 15. Ng5 Nb4 16. Qb1 h6 17. Bxg4 hxg5
18. Qf5) 15. Ng5 {Sieht verlockend aus, aber später bezeichnete Psakhis seinen
ganzen Plan als zu optimistisch.} (15. Nxd5 $2 Nxd5 16. Ng5 Qh6 {scheitert})
15... Nb4 16. Qb1 ({Nach} 16. Qd2 {kommt Schwarz mittels} d4 {ebenfalls zum
Gegenangriff:} 17. h3 (17. exd4 Nxa2 $5 18. Bc4 Nxc1 19. Nxf7 Qb4 $15) 17...
Qb6 18. exd4 (18. Bxg4 dxe3 19. fxe3 Nxg4 20. hxg4 Qh6 $19) 18... Bxe2 19. Nxe2
Nxa2 $15) 16... h6 $2 ({Dies zog ich automatisch, aber nach der Partie verwies
mein Gegner auf den stärkeren} 16... g6 $1 {womit Schwarz die zusätzliche
Drohung Bf5 schafft.} 17. a3 (17. Bf3 Rxe3 $1 $17) (17. Nf3 Bf5 $17) 17... Bxe2
(17... Rxe3 $2 18. fxe3 Bxe3+ 19. Kh1 Bxg5 20. axb4 Bxe2 21. Nxe2 Ng4 22. g3 {
und der Angriff scheitert.}) 18. Nxe2 Ng4 19. Nf3 Rxe3 $1 20. Ned4 (20. fxe3 {
verliert nach} Bxe3+ 21. Kf1 Nxh2+ 22. Nxh2 Qxh2 23. axb4 Re8) 20... Rxf3 21.
Nxf3 Nxf2 22. Bd4 Nxd1 23. Bxa7 Rxa7 24. Rc8+ Kg7 25. Qxd1 Qb6+ 26. Kh1 Nc6 27.
Qxd5 Qe3 $15 {Schwarz hat hier einen Mehrbauern, muss aber noch das Problem
seines Turms lösen.}) 17. Bxg4 ({Auf} 17. Nh7 {hatte ich das wundervolle} Ne4
$1 {in petto, wobei die Schwäche vom Komplex f2-e3 zum Vordergrund tritt:} 18.
Nxe4 (18. Bxg4 Nxf2 $1 $19) 18... Rxe4 19. Qxe4 (19. Bxg4 Rxg4 {[%csl Rh7]})
19... Bxe2 {und Schwarz sollte wegen des eingeschlossenen Nh7 bald gewinnen.})
17... hxg5 (17... Nxg4 $2 18. Qh7+ Kf8 19. Nxd5 $1 $18) 18. Qf5 ({Mittels} 18.
Bf5 {konnte Weiss ebenfalls auf Vorteil hoffen.}) 18... Bb8 19. g3 Qe6 20. Qxe6
fxe6 21. Be2 ({Psakhis Remisangebot kam mir überraschend vor, da seine
Stellung nach} 21. Be2 Be5 22. f4 gxf4 23. exf4 Bb8 $14 {[%csl Gb2,Ge2] leicht
besser aussieht.}) 1/2-1/2

[Event "Copenhagen Aruna"]
[Site "Copenhagen"]
[Date "1997.05.05"]
[Round "4"]
[White "Petursson, Margeir"]
[Black "Aagaard, Jacob"]
[Result "1/2-1/2"]
[WhiteElo "2565"]
[BlackElo "2440"]
[Annotator "Petursson,M"]
[PlyCount "42"]
[EventDate "1997.04.02"]
[EventType "tourn"]
[EventRounds "9"]
[EventCountry "DEN"]
[EventCategory "10"]
[SourceTitle "CBM 059"]
[Source "ChessBase"]
[SourceDate "1997.08.01"]
[SourceVersion "1"]
[SourceVersionDate "1997.08.01"]
[SourceQuality "1"]

1. c4 Nf6 2. Nc3 c5 3. Nf3 e6 4. e3 d5 5. cxd5 exd5 6. d4 Nc6 7. Be2 cxd4 8.
Nxd4 Bc5 9. O-O O-O 10. Nxc6 bxc6 11. b3 Re8 12. Bb2 Bd6 {This position is
well known with reversed colours. The extra tempo doesn't mean much. The
comparison with Petursson-Yudasin, Iceland-Israel match 1996, is also worth
checking out. There it was the same position except that White (Black here)
had his a pawn on a3. It is better to have it on a2 (a7) because Ba3 or Ba6
can come in handy.} 13. Rc1 h5 $1 {A very clever idea, discovered about 20
years ago.} 14. Bxh5 Nxh5 15. Qxh5 Re6 16. f4 $5 {White is avoiding passive
defense, but the idea is dubious.} Rxe3 17. Nd1 Re4 (17... Re6 $1 18. Qg4 (18.
Be5 Bxe5 19. fxe5 Qe7 20. Rf5 Bd7 21. Nf2 Re8 $19) (18. Rxc6 Ba6 $1 19. Qg4 (
19. f5 Bxh2+ $19) 19... Rg6 20. Qxg6 fxg6 21. Rxa6 Qc7 $17) 18... Rg6 19. Qf3
$13) 18. Rxc6 Rxf4 19. Ne3 $5 {I completely overlooked Blacks' next move} Qe8 {
[%tqu "En","Can you find the only move for White to rescue the game?","He is
attacking both e3 and c6 simultaneously and Rc6-c3 doesn't work because of
d5-d4.   The threat of Qxe3+ is actually a mating threat so you better take
care of that one!","Protect the attacked knight with your other rook","f1e1",
"GREAT!  You saved the day.  You can imagine the feeling of relief if you saw
already what you do if he takes the rook.",18,"c6c3","",0]} 20. Re1 $3 (20. Rc3
$2 d4 21. Rd3 Qe4 $1 (21... Ba6 22. Nc4 $11) (21... dxe3 $2 22. Bxg7 $3 Rxf1+
23. Kxf1 e2+ 24. Ke1 Kxg7 25. Qg5+ Kf8 26. Qh6+ $11) 22. Qb5 (22. Rfd1 Rh4 $1
23. Qg5 Bxh2+ 24. Kf1 Ba6 25. Nc4 Rf4+ $19) 22... dxe3 23. Rxd6 Bb7 24. Qe2 Rg4
$19) 20... Qxc6 {[%tqu "En","Now, how do you follow up to force a draw with
perpetual check?","Threaten mate in one move!","Sacrifice your bishop to get
perpetual check!","b2g7","",12]} 21. Bxg7 $1 Kxg7 (21... f5 22. Qg5 $1 (22. Qg6
$4 Rg4 23. Nxg4 Bc5+ 24. Bd4+ Qxg6 $19) 22... Kf7 23. Qf6+ Kg8 24. Qg5 $11) (
21... Kxg7 22. Qg5+ Kf8 23. Qd8+ Kg7 (23... Qe8 $4 24. Qxd6+ Kg8 25. Qxf4 $18)
24. Qg5+) 1/2-1/2

[Event "Rohde op 07th"]
[Site "Sautron"]
[Date "2007.10.31"]
[Round "6"]
[White "Potkin, Vladimir"]
[Black "Kazakov, Mikhail"]
[Result "1-0"]
[WhiteElo "2612"]
[BlackElo "2449"]
[Annotator "RR"]
[PlyCount "163"]
[EventDate "2007.10.27"]
[EventType "swiss"]
[EventRounds "9"]
[EventCountry "FRA"]
[SourceTitle "EXT 2008"]
[Source "ChessBase"]
[SourceDate "2007.11.25"]
[SourceVersion "1"]
[SourceVersionDate "2007.11.25"]
[SourceQuality "1"]

1. d4 d5 2. c4 e6 3. Nc3 c5 4. cxd5 cxd4 {Ce gambit n'a pas une trés bonne
réputation théorique} (4... exd5 {La grande ligne de la défense TARRASCH} 5.
Nf3 Nc6 6. g3 Nf6 7. Bg2 Be7 8. O-O O-O 9. Bg5) 5. Qa4+ (5. Qxd4 Nc6 {[%cal
Gc6d4] L'idée de 4. cd4}) 5... Bd7 (5... b5 $143 {la ligne tactique mais assez
douteuse contre un GMI а 2600} 6. Nxb5 (6. Qxd4 Nc6 7. Qd1 exd5 8. Qxd5 (8. e4
{Il y a peu de parties avec 8.e4 mais les blancs font 100%!})) 6... Bd7 7. d6 {
[%cal Gb5c7]} Bxb5 8. Qxb5+ Nd7 9. Nf3 Bxd6 10. g3 Ngf6 11. Bg2 O-O $32 {
[%csl Rb5,Re1]}) 6. Qxd4 exd5 7. Qxd5 (7. Nf3) 7... Nc6 8. Nf3 (8. e3 {
normalement c'est une simple transposition de coups}) 8... Nf6 9. Qd1 Bc5 10.
e3 Qe7 11. Be2 (11. a3 {[%cal Gb2b4];Chekhov,V (2511)-Kirusha,A (2365)
RUS-Cup03 (Geller mem) 1999 (8) 0-1}) 11... O-O-O 12. O-O g5 {Commence la
course de vitesse des marées de P sur les ailes opposées.} 13. b4 $1 {La ligne
critique} g4 14. Nd4 (14. bxc5 gxf3 15. Bxf3 Ne5 16. Be2 Rhg8 $44 {[%cal Gd7h3,
Gg8g2,Gd8d1]} 17. g3 {un affaiblissement rendu nécessaire par la pression sur
"g2" mais les noirs doivent avoir assez de compensations.} Qe6 18. Qd4 Bc6 19.
Qf4 Qh3 20. e4 Nfg4 21. Bxg4+ Nxg4 22. Re1 Rg6 23. Qf3 Rf6 24. Bf4 Rd3 {
0-1 Volzhin,A (2505)-Genba,V (2415)/Perm 1997/CBM 058}) 14... Nxd4 {Trés peu
joué mais les statitisques ne sont pas trés bonnes pour les noirs avec la
suite habituelle 14. Bb4} (14... Bxb4 15. Qb3 $5 {[%cal Gb3b4,Gd4c6]} (15. Bb2)
15... Nxd4 16. exd4 Be6 17. Qb2) 15. exd4 Bxb4 16. Bg5 Bxc3 $146 ({RR} 16...
Bc6 17. Nb5 Bxb5 18. Bxb5 Rd5 19. Qc1+ Kb8 20. Qf4+ Rd6 21. Qe5 Qd8 22. Rab1
Ba5 23. Bc6 Bb6 24. Bf4 bxc6 25. Qxd6+ Kb7 26. Rfc1 Qxd6 27. Bxd6 Nd5 28. a4
Rd8 29. Bc5 Kc7 30. Rc2 Re8 31. Kf1 {Sergienko,S (2439)-Kirusha,A (2386)/St
Petersburg 2002/EXT 2003/1-0 (73)}) 17. Qc1 {[%cal Gc1c8]} Rhg8 $13 {[%cal
Gg8g5,Ge7e2,Gc1c3] La position est étonnante avec 3 pièces en prise en même
temps!} 18. Qxc3+ Kb8 19. Qe3 (19. Qd2 Ka8 (19... Rxg5 20. Qxg5 Qxe2 21. Qxf6)
20. Rfe1 {[%cal Ge1e7]}) 19... Qxe3 20. fxe3 Rxg5 21. Rxf6 Be6 22. a3 h5 23.
Rd1 Ra5 24. e4 {[%cal Gd4d8]} (24. Rd3 {[%cal Ge3e4,Gd4d5]}) 24... Bb3 25. Rd2
Rxa3 26. d5 Ra1+ 27. Kf2 a5 {[%cal Ga5a1]} 28. Rxf7 a4 29. Rb2 $1 {[%cal Gb2b3,
Gf7b7] Un coup multi usage: il retarde a4a3 tout en faisant pression sur b7}
Re8 30. Bc4 $3 {Une combinaison transposant dans une finale où les noirs ont
un P de plus mais un... K dans un réseau de mat} Bxc4 31. Rbxb7+ Ka8 32. Ra7+
Kb8 33. Rfb7+ Kc8 34. d6 Be6 35. Kg3 a3 36. d7+ Bxd7 37. Rxd7 Rxe4 38. Rh7 {
[%csl Rc8]} Kb8 39. Rag7 Rc4 40. Rxh5 Rc3+ {[%cal Gc3c8]} 41. Kh4 Rh1 42. Rh8+
Rc8 43. Rxc8+ Kxc8 44. Ra7 Rxh2+ 45. Kg3 $1 {la seule chance de conserver des
petites possibilités de gain.} Rh6 46. Rxa3 Kd7 47. Re3 $1 {[%csl Rd7] Le K
est coupé} (47. Kxg4 Ke7 $11 {[%cal Ge7g7]}) 47... Rg6 48. Kf4 Rg8 49. g3 Kd6
50. Kf5 Kd7 51. Re4 Kd6 52. Re6+ Kd7 53. Re3 Kd6 54. Re4 Kd7 {[%cal Ge4g4]
Fait pression sur "g4" mais le P n'est pas encore prenable car le K noir
annule la finale de P et il faut d'abord repousser le K noir} 55. Kf6 $1 {
[%cal Ge4d4]} Kd6 56. Rd4+ $1 Kc5 {[%csl Rc5]} 57. Rd1 Kc6 $2 (57... Ra8 58.
Kf5 Ra4 59. Ke5 Kc6 60. Rd6+ Kc7 61. Rd3 (61. Rd4 $2 Rxd4 62. Kxd4 Kd6 $11 {
[%cal Gd6g6]})) 58. Kf5 {Les tables de Nalimov donnent un gain théorique en ...
50 coups!} Kc5 59. Rd7 Kc4 60. Rd6 Kc5 61. Rg6 Rf8+ 62. Kxg4 Kd5 63. Kg5 Ke5
64. g4 Ra8 65. Rg7 Re8 66. Rg6 Ra8 67. Rb6 Rg8+ 68. Kh5 Rh8+ 69. Rh6 Rf8 70. g5
Kf5 71. Rh7 Ke6 72. Kh6 Kf5 73. Kh5 Ke6 74. Kg6 Rg8+ 75. Rg7 Ra8 76. Rb7 Ra6
77. Kh7 Ra5 78. g6 Rh5+ 79. Kg8 Rh1 80. g7 Rf1 81. Rb6+ Ke7 82. Kh7 {[%mdl
4608]} 1-0

[Event "CHN-ch"]
[Site "Xinghua"]
[Date "2013.04.23"]
[Round "7"]
[White "Wang, Yue"]
[Black "Hou, Yifan"]
[Result "1-0"]
[WhiteElo "2706"]
[BlackElo "2617"]
[Annotator "Ramirez Alvarez,A"]
[PlyCount "163"]
[EventDate "2013.04.16"]
[EventType "tourn"]
[EventRounds "11"]
[EventCountry "CHN"]
[EventCategory "15"]
[SourceTitle "CBM 154"]
[Source "ChessBase"]
[SourceDate "2013.05.15"]
[SourceVersion "1"]
[SourceVersionDate "2013.05.15"]
[SourceQuality "1"]

{Wang Yue shows Karpovian patience and technique as he plays one of his
marathon games in this tournament, this time against the star of Chinese chess.
} 1. c4 e6 2. Nc3 d5 3. d4 Bb4 4. cxd5 exd5 5. Bf4 Nf6 6. e3 O-O 7. Bd3 c5 8.
Nge2 cxd4 9. Nxd4 Nc6 10. O-O Nxd4 11. exd4 {White has a small but pleasant
edge. His piece placement guarantees him-long term pressure despite the
symmetrical structure. Black has the chance to exchange on c3 to change the
pawn structure, but this gives White the pair of bishops.} Bxc3 12. bxc3 Bg4
13. Qb3 Qd7 14. Rfe1 Rac8 15. Bb5 Qd8 16. Bf1 b6 17. f3 Be6 18. Ba6 Rc6 19. Bb5
Rc8 20. Qa3 Bd7 21. Bf1 a5 22. Rab1 {White has succeeded in provoking a5,
which is a long-term weakness. White's dark-squared bishop will be able to
rain terror on thos queenside pawns... once all the other pieces disappear.}
Re8 23. Be5 Bf5 24. Rbc1 Nd7 25. Bf4 Rc6 26. Qb3 Rxe1 27. Rxe1 Nf8 28. Qa3 Re6
29. Rxe6 Bxe6 30. Qd6 $1 {The exchange of queens will leave Black passive and
without counterplay, but she has no choice as the d6 queen is dominant. Hou
Yifan avoids it for a few moves, but at the end Wang Yue forces the trade.} Nd7
31. Bb5 h5 32. Bd2 Qc8 33. Kf2 Kh8 34. h4 Kg8 35. Bf4 Qd8 36. g3 Qc8 37. Qc7
Qxc7 38. Bxc7 f6 39. c4 $1 {A clever break. This gives White a passed pawn and
a winning position.} dxc4 40. d5 Bf5 (40... Bxd5 $2 41. Bxd7 $18) 41. Bxc4 Kf7
42. Ke3 Ne5 43. Be2 Bb1 44. a3 Nd7 45. Kd4 Ke7 46. Bc4 Bf5 47. d6+ Ke8 48. f4
Bg4 49. Bd5 Kf8 50. Be4 Kf7 51. Bc2 Kf8 52. Bd3 Kf7 53. Bf1 Bf3 {These bishop
manoeuvres are reminiscent of Karpov, who always took his time even in
completely winning positions.} 54. Bc4+ Kf8 55. Bb5 Bg4 56. Bf1 Bf3 57. Bb5 Bg4
58. Bc6 Kf7 59. Be4 Ke8 60. Bg2 Kf7 61. Kd5 Bd1 62. Kc6 {The king penetrates,
and with decisive effect.} Ba4+ 63. Kb7 Ke6 64. Bf3 g6 65. Bg2 Bc2 66. Bc6 Bf5
67. Kc8 Nc5 68. Kd8 Be4 69. Bxe4 Nxe4 {Black has gotten rid of one bishop, but
the other one has the b6 and a5 pawns under attack. Black also has to deal
with the d-pawn.} 70. d7 Nc5 71. Bxb6 Nxd7 72. Bxa5 Nc5 {Unfortunately,
knights are particularly useless at stopping rook pawns, so the game is over.}
73. Bb4 Ne4 74. a4 Kd5 75. Be1 g5 76. a5 gxf4 77. gxf4 Nc5 78. Kc7 Ke4 79. Bf2
Na6+ 80. Kb7 Nb4 81. Bc5 Nd3 82. Bd6 {An incredible show of patience and
fighting will.} 1-0

[Event "Bundesliga 0405"]
[Site "Germany"]
[Date "2005.01.29"]
[Round "8.8"]
[White "Andersson, Ulf"]
[Black "Emms, John M"]
[Result "1-0"]
[WhiteElo "2580"]
[BlackElo "2504"]
[Annotator "Ribli,Z"]
[PlyCount "81"]
[EventDate "2004.11.12"]
[EventType "team-tourn"]
[EventRounds "15"]
[EventCountry "GER"]
[SourceTitle "CBM 106"]
[Source "ChessBase"]
[SourceDate "2005.06.06"]
[SourceVersion "1"]
[SourceVersionDate "2005.06.06"]
[SourceQuality "1"]
[WhiteTeam "Porz"]
[BlackTeam "Solingen"]
[WhiteTeamCountry "GER"]
[BlackTeamCountry "GER"]

1. Nf3 c5 2. c4 Nc6 3. d4 cxd4 4. Nxd4 Nf6 5. Nc3 e6 6. e3 {Ein bescheidener
Entwicklungszug. Die Alternativen 6 a3 und 6.g3 sind heutzutage populärer,
auch 6.Ndb5 und 6.Bg5 sind möglich.} Bc5 (6... Be7) (6... Bb4) 7. Be2 O-O 8.
O-O d5 9. cxd5 exd5 10. Nxc6 bxc6 {Mit Zugumstellung haben wir eine Variante
der Tarrasch-Verteidigung (e3-Variante) erreicht. Die übliche Zugfolge ist - 1.
d4 d5 2.c4 e6 3.Nc3 c5 4.cxd5 exd5 5.Nf3 Nc6 6.e3 Nf6 7. Be2 cxd4 8.Nxd4 Bc5 8.
0-0 0-0 10.Nxc6 bxc6.} 11. b3 Bd6 {Verbessert die schwarze Läuferstellung als
nach 12.Bb2 und 13.Rc1, da der Läufer früher oder später von c5 vertrieben
wird.} (11... Bf5 12. Bb2 Bd6 13. Rc1 Rc8 14. Qd4 Re8 15. Qxa7 {1-0 Schmidt,
G-Van Riesen,K/Bad Segeberg 2002/EXT 2003 (22)}) (11... Qe7 12. Bb2 Bd6 13. Rc1
Bb7 14. Qc2 Rac8 15. Rfd1 Rfd8 16. Bf3 Nd7 17. Bg4 Rc7 18. Bf5 g6 19. Bxd7
Rdxd7 20. Ne2 c5 21. Ng3 f6 {0-1 Hjelm,N-De Firmian,N/Copenhagen DEN 2003/ (38)
}) 12. Bb2 Re8 $11 (12... Qc7 13. g3 (13. h3 $6 Qe7 {[%cal Ge7e5,Rd6h2]}) 13...
Bh3 14. Re1 Rfe8 $11) 13. Rc1 Bf5 (13... h5 $5 14. Bxh5 Nxh5 15. Qxh5 Re6 $44 {
[%cal Ge6g6,Gg6g1,Re6h6,Rh6h2]}) 14. Bf3 Rc8 15. Ne2 $1 {[%cal Gc1c8,Gb2h8,
Ge2g3][%mdl 32] Die weiße Bauernstruktur ist insgesamt gefestigt, und mit dem
Textzug öffnet Weiß gleichzeitig die c-Linie für den Turm, die Diagonale des
Läufers auf b2 und der weiße Springer kann nach g3 ziehen, wo er die
Verteidigung unterstützen kann. Für den schwarzen Damenflügel fällt hingegen
besonders der vereinzelte a-Bauer ins Auge. Anderseits verfügt Schwarz über
ein aktives Figurenspiel und einige taktische Gegenchancen am Königsflügel.}
Ne4 (15... Ng4 $5 16. Ng3 Qh4 17. Bxg4 (17. h3 $2 Nxf2 18. Nxf5 Nxd1 19. Nxh4
Nxb2 $17) 17... Bxg4 18. Qd4 Be5 19. Qd2 Bb8 $11) 16. Ng3 Nxg3 17. hxg3 Be4 (
17... Qg5 $5 $11) 18. Qe2 (18. Bxe4 Rxe4 $11) 18... Bxf3 19. gxf3 $1 $14 {
[%csl Ge3,Gf2,Gf3,Gg3] Weisß verfügt über eine Bauernmacht am Königsflügel.} (
19. Qxf3 Qd7 20. Rc2 $14) 19... Be5 20. Bxe5 Rxe5 21. Rc5 {[%csl Gc5,Rc6][%cal
Rf1c1,Rc1c6]} Qd7 22. f4 {Rechtzeitig - die schwarze Drohung war 23...Qh3 und
24...Rh5.} Ree8 23. Rfc1 {[%mdl 4096] Weiß hat eine kleine, aber dauerhafte
Initiative im Endspiel, da er über Druck am Damenflügel verfügt.} h6 $2 {
Schwarz verschafft sich ein Schlupfloch für den König auf h7, jedoch verliert
Schwarz einen einen Bauern.} (23... Re6 $14) 24. Qa6 $1 $16 {[%csl Ga6,Gc1,Gc5,
Rc6,Rc8][%cal Rc1c8]} Qh3 (24... Re6 25. Rxd5 Qxd5 26. Qxc8+ Kh7 27. Qc7 $16)
25. Rxc6 {Für den Minusbauern hat Schwarz keine Kompensation.} Rcd8 26. Qf1 {
Aufgrund des Mehrbauern möchte Weiß das Spiel vereinfachen - das ist viel
logischer, als 26.Qxa7.} Qg4 (26... Qxf1+ 27. Kxf1 d4 28. Ke2 $16) 27. Qd1 Qh3
28. Qf3 {[%csl Gf3][%cal Gf3d5] Die weiße Dame verteidigt den Königsflügel und
kontrolliert den d5-Bauern.} h5 29. R6c5 h4 30. Qg2 {Weiß möchte die Damen
tauschen.} Qg4 (30... Qxg2+ 31. Kxg2 hxg3 32. Kxg3 $16) 31. gxh4 Qxh4 32. Rxd5
Rxd5 33. Qxd5 Qg4+ 34. Kf1 $18 g6 (34... Qh3+ $142 35. Qg2 Qh5) 35. Rc7 Rf8 36.
Rxa7 Qh3+ 37. Ke1 (37. Qg2 Qh5 38. Kg1 $18) 37... Qc8 38. a4 Qc2 39. Ra8 Qb1+
40. Ke2 Qc2+ 41. Kf3 1-0